000 01012cam a2200205 4500
001 ABS68076
008 040804n2004 000 0 eng u
035 _a(Sirsi) u127007
100 _aTorsen, M. A.
245 _aFrom the Aegean to the Baltic and beyond: an analysis of cultural property dispersion
260 _c2004
490 _aArt Antiquity and Law
_v11(2) June 2004, 143-177(35)
520 _aHighlights problems relating to the dispersal of cultural works of art taking Mediterranean antiquities as an example. Looks at how various countries, with the key emphasis on the United States, deal with the problems and the extent of international cooperation. Suggests how auction houses can protect themselves such as taking legal advice and ensuring that auction catalogues contain caveat clauses to protect themselves against litigation claims.
590 _aABS
590 _aABS
650 _aCULTURAL PROPERTY
650 _aAUCTION HOUSES
690 _aANTIQUES AND FINE ART
942 _n0
999 _c117814
_d117814